| 000 | 00657nam a2200217Ia 4500 | ||
|---|---|---|---|
| 005 | 20260429112209.0 | ||
| 008 | 260429s9999||||xx |||||||||||||| ||und|| | ||
| 020 | _a9789369142071 | ||
| 041 | _aEnglish | ||
| 082 |
_a006.31 _bBHA |
||
| 100 | _aBhattacharyya, Sujit | ||
| 245 | 0 |
_aPractical handbook of machine learning : _bfrom basics to building your first AI model / _cSujit Bhattacharyya |
|
| 250 | _a1st ed. | ||
| 260 |
_aHaryana : _bG K Publications (P) Ltd, _c2025. |
||
| 300 | _apbk | ||
| 650 | _a Applied computing | ||
| 650 | _a Artificial intelligence | ||
| 650 | _aMachine learning | ||
| 700 | _a Bhattacharya, Subhrajit | ||
| 942 | _cTB | ||
| 999 |
_c52839 _d52839 |
||